[Event "Oberpfalz-ch M3"]
[Site "Bad Koetzting"]
[Date "2018.03.27"]
[Round "7"]
[White "Vinogradov, Anatoli"]
[Black "Haas, Carl Gustav"]
[Result "1-0"]
[WhiteElo "1574"]
[BlackElo "1451"]
[PlyCount "43"]
[EventDate "2018.03.24"]
[EventType "swiss"]
[EventRounds "8"]
[EventCountry "GER"]
[SourceTitle "EXT 2020"]
[Source "ChessBase"]
[SourceDate "2019.10.17"]
[SourceVersion "1"]
[SourceVersionDate "2019.10.17"]
[SourceQuality "1"]

1. d4 f5 2. c4 Nf6 3. Nc3 e6 4. Nf3 c6 5. Bf4 d5 6. e3 Nbd7 7. Be2 Be7 8. 0-0 h6 9. Ne5 0-0 10. Ng6 Rf7 11. Rc1 Ne4 12. Nxe4 fxe4 13. Bh5 Bg5 14. Be5 Bf6 15. Nf4 Re7 16. Bd6 e5 17. dxe5 Nxe5 18. Bxe7 Bxe7 19. cxd5 cxd5 20. Qxd5+ Qxd5 21. Nxd5 Bd6 22. Nc7 1-0

[Event "Oberpfalz-ch M3"]
[Site "Bad Koetzting"]
[Date "2018.03.24"]
[Round "2"]
[White "Baumueller, Steffen"]
[Black "Haas, Carl Gustav"]
[Result "1-0"]
[WhiteElo "1551"]
[BlackElo "1451"]
[PlyCount "71"]
[EventDate "2018.03.24"]
[EventType "swiss"]
[EventRounds "8"]
[EventCountry "GER"]
[SourceTitle "EXT 2020"]
[Source "ChessBase"]
[SourceDate "2019.10.17"]
[SourceVersion "1"]
[SourceVersionDate "2019.10.17"]
[SourceQuality "1"]

1. d4 f5 2. Bf4 Nf6 3. e3 g6 4. h4 h6 5. Nf3 d6 6. Bc4 d5 7. Bd3 Nc6 8. Nc3 Bg7 9. Nb5 0-0 10. Bxc7 Qd7 11. Bf4 Nh5 12. Be5 Nxe5 13. Nxe5 Bxe5 14. dxe5 a6 15. Nd4 Qc7 16. Be2 Ng7 17. f4 h5 18. 0-0 Bd7 19. Rc1 Qb6 20. b3 Rac8 21. c4 e6 22. Qd2 Bc6 23. Rc2 Rfd8 24. Rfc1 dxc4 25. Rxc4 Kf7 26. Qc3 Bd7 27. Rxc8 Rxc8 28. Qb2 Rxc1+ 29. Qxc1 Qa5 30. a4 Qb4 31. Kf2 Ne8 32. Bc4 Nc7 33. Ke2 Qb6 34. Qe1 Bc6 35. Qg3 Bd5 36. Qg5 1-0

[Event "Oberpfalz-ch M3"]
[Site "Windischeschenbach"]
[Date "2017.04.11"]
[Round "7"]
[White "Haas, Carl Gustav"]
[Black "Limmer, Ewald"]
[Result "1/2-1/2"]
[WhiteElo "1323"]
[BlackElo "1469"]
[PlyCount "28"]
[EventDate "2017.04.08"]
[EventType "swiss"]
[EventRounds "8"]
[EventCountry "GER"]
[SourceTitle "EXT 2020"]
[Source "ChessBase"]
[SourceDate "2019.10.17"]
[SourceVersion "1"]
[SourceVersionDate "2019.10.17"]
[SourceQuality "1"]

1. c4 e5 2. g3 Nf6 3. Nc3 Be7 4. Bg2 0-0 5. Nf3 d6 6. 0-0 Nc6 7. e3 Bd7 8. a3 Rb8 9. d4 exd4 10. Nxd4 Nxd4 11. exd4 Qc8 12. Re1 Re8 13. Bg5 h6 14. Be3 a6 1/2-1/2

[Event "Oberpfalz-ch M3"]
[Site "Windischeschenbach"]
[Date "2017.04.10"]
[Round "5"]
[White "Haas, Carl Gustav"]
[Black "Thamm, Felix"]
[Result "0-1"]
[WhiteElo "1323"]
[BlackElo "1468"]
[PlyCount "74"]
[EventDate "2017.04.08"]
[EventType "swiss"]
[EventRounds "8"]
[EventCountry "GER"]
[SourceTitle "EXT 2020"]
[Source "ChessBase"]
[SourceDate "2019.10.17"]
[SourceVersion "1"]
[SourceVersionDate "2019.10.17"]
[SourceQuality "1"]

1. c4 Nf6 2. g3 c6 3. Nc3 d5 4. cxd5 cxd5 5. e3 Bf5 6. Bg2 e6 7. d4 Nc6 8. Nge2 Qd7 9. a3 Be7 10. b4 0-0 11. Bb2 Rfc8 12. Rc1 b6 13. 0-0 Nd8 14. Qd2 Nb7 15. Nf4 Nd6 16. Rfe1 Nc4 17. Qe2 Qc6 18. Nb1 Bxb1 19. Rxb1 a5 20. Bc1 axb4 21. axb4 Ra4 22. Nd3 Rca8 23. Qc2 Qb5 24. e4 Ra2 25. Qc3 dxe4 26. Bxe4 Nxe4 27. Rxe4 Qd5 28. Re1 Bf6 29. Nf4 Qxd4 30. Qxd4 Bxd4 31. Be3 Bxe3 32. fxe3 Ne5 33. Re2 Rxe2 34. Nxe2 Ng4 35. e4 Ra2 36. Nd4 Rxh2 37. Rd1 Rh1+ 0-1

[Event "Oberpfalz-ch M3"]
[Site "Windischeschenbach"]
[Date "2017.04.08"]
[Round "2"]
[White "Wild, Michael"]
[Black "Haas, Carl Gustav"]
[Result "1-0"]
[WhiteElo "1552"]
[BlackElo "1323"]
[PlyCount "37"]
[EventDate "2017.04.08"]
[EventType "swiss"]
[EventRounds "8"]
[EventCountry "GER"]
[SourceTitle "EXT 2020"]
[Source "ChessBase"]
[SourceDate "2019.10.17"]
[SourceVersion "1"]
[SourceVersionDate "2019.10.17"]
[SourceQuality "1"]

1. e4 e5 2. Nf3 Nc6 3. Bc4 d6 4. c3 Be7 5. d4 exd4 6. cxd4 Bg4 7. Nc3 Nf6 8. Be3 0-0 9. h3 Bh5 10. g4 Bg6 11. Bd3 Re8 12. a3 a6 13. Qc2 Bf8 14. 0-0-0 Qd7 15. e5 Bxd3 16. Rxd3 Nxg4 17. hxg4 Qxg4 18. Rdd1 Qxf3 19. Qxh7# 1-0